000 00816nam a2200229 i 4500
001 bg
100 1 _aPURCZYŃSKI, Jan
245 0 _aAnaliza i synteza filtrów aktywnych /
_cJan Purczyński, Wojciech Lipiński.
260 _aSzczecin :
_bWydaw. Uczelniane PS,
_c1992.
300 _a181 s. :
_brys., wykr. ;
_c24 cm.
490 1 _aPrace Naukowe Politechniki Szczecińskiej. Instytut Automatyki Przemysłowej,
_vnr 16
500 _aSer. gł. : 0208-7073 ; nr 460.
504 _aBibliogr. s. 178-179.
700 1 _aLIPIŃSKI, Wojciech
710 _aPOLITECHNIKA SZCZECIŃSKA (Szczecin)
830 0 _aPrace Naukowe Politechniki Szczecińskiej.
_pInstytut Automatyki Przemysłowej ;
_vnr 16
040 _cBPK
041 _apol
080 _a621.372
942 _cKS
008 s pl f |000 0 pol
999 _c30044
_d30044
856 _uhttp://koha.tu.koszalin.pl/cgi-bin/koha/opac-detail.pl?biblionumber=30044
_yKatalog online BPK